00323 2200145 4500001002100000005001500021035002000036245003100056100001200087300001200099260003100111082000800142084001500150990001200165INLIS00000000000231120250528085422 a0010-05250006031 aLa Granda Borne /cNH Dini0 aNH Dini a285 hlm aJakarta :bGramedia,c2007 a813 a813 NH l a0713398